000 00591nam a2200193Ia 4500
003 GCL
008 140319s9999 xx 000 0 ara d
040 _aGCL /
_cGCL
082 0 4 _a810.9
_bس ا
100 1 _aسلامة موسى
245 1 0 _aالادب للشعب /
_cسلامة موسى
260 _aالقاهرة :
_bسلامة موسى للنشر والتوزيع ،
_c1952
300 _a187 ص ؛
_c12 سم
490 _a
650 0 4 _aالادب العربى
650 0 4 _aالادب الشعبى
650 0 4 _aالادب العربى - تاريخ ونقد
942 _2ddc
_cBK
999 _c46191
_d46191